Southville International School and Colleges
Your cart is empty.
  • Cart
  • Lists
    Public lists Eva Luna New books Lux_list list_1
    Your lists Log in to create your own lists
  • Log in to your account
  • Your cookies
  • Search history
Southville International School and Colleges
  • Advanced search
  • Recent comments
  • Most popular
  • Libraries

Log in to your account

Log in with GOOGLE


If you do not have an external account, but do have a local account, you can still log in:

  1. Home
  2. MARC view: Weather /
Normal view MARC view ISBD view

Weather / (Record no. 115403)

[ view plain ]
MARC details
000 -LEADER
fixed length control field 00752nam a2200217 a 4500
001 - CONTROL NUMBER
control field 0970
005 - DATE AND TIME OF LATEST TRANSACTION
control field 20140414132144.0
008 - FIXED-LENGTH DATA ELEMENTS--GENERAL INFORMATION
fixed length control field 041008s19uu xx 00 eng d
020 ## - INTERNATIONAL STANDARD BOOK NUMBER
International Standard Book Number 0-590-10730-5
050 ## - LIBRARY OF CONGRESS CALL NUMBER
Classification number KIT (SER) 551.5
Item number C36 1998
100 ## - MAIN ENTRY--PERSONAL NAME
Personal name Chanko, Pamela
245 ## - TITLE STATEMENT
Title Weather /
Statement of responsibility, etc Pamela Chanko, Daniel Moreton.
260 ## - PUBLICATION, DISTRIBUTION, ETC. (IMPRINT)
Place of publication, distribution, etc New York :
Name of publisher, distributor, etc Scholastic,
Date of publication, distribution, etc 1998.
300 ## - PHYSICAL DESCRIPTION
Extent v. p. : ill. ; cm.
440 ## - SERIES STATEMENT/ADDED ENTRY--TITLE
Title Science emergent readers
500 ## - GENERAL NOTE
General note "Scholastic early childhood"--Includes index
520 ## - SUMMARY, ETC.
Summary, etc Photographs and simple text describe some of the activities associated with various types of weather, from ice skating to going to the beach.
650 ## - SUBJECT ADDED ENTRY--TOPICAL TERM
Topical term or geographic name as entry element Weather
General subdivision Juvenile literature.
Holdings
Withdrawn status Lost status Damaged status Use restrictions Home library Current library Shelving location Date acquired Source of acquisition Total Checkouts Full call number Barcode Date last seen Price effective from Koha item type
        Munich Library Munich Library KIT Section 10/08/2004     KIT (SER) 551.5 C36 1998 MU2013 04/14/2014 04/14/2014 Kits
        Munich Library Munich Library KIT Section 10/08/2004     KIT (SER) 551.5 C36 1998 MU2014 04/14/2014 04/14/2014 Kits

Weather /

APA

Chanko P., . (1998). Weather. New York: Scholastic.

Chicago

Chanko Pamela, . 1998. Weather. New York: Scholastic.

Harvard

Chanko P., . (1998). Weather. New York: Scholastic.

MLA

Chanko Pamela, . Weather. New York: Scholastic. 1998.

  • Place hold
  • Print
  • Cite
  • Add to your cart (remove)
  • Save record
    BIBTEX Dublin Core MARCXML MARC (non-Unicode/MARC-8) MARC (Unicode/UTF-8) MARC (Unicode/UTF-8, Standard) MODS (XML) RIS
  • More searches
    Search for this title in:
    Other Libraries (WorldCat) Other Databases (Google Scholar) Online Stores (Bookfinder.com) Open Library (openlibrary.org)

Exporting to Dublin Core...

SOUTHVILLE LIBRARY

Southville International School and Colleges Library

1281 Tropical Ave. Cor. Luxembourg St., BF Homes International, Las Pinas City

Tel. No. 8256374 / 252358 Loc. 117/146

Powered by Koha